[Event "HUN-chT2 Barcza 1819"]
[Site "Hungary"]
[Date "2018.12.02"]
[Round "5.7"]
[White "Fekete, Sandor"]
[Black "Hegedus, Gyorgy"]
[Result "1/2-1/2"]
[WhiteElo "1699"]
[BlackElo "2086"]
[PlyCount "134"]
[EventDate "2018.09.23"]
[EventType "team-tourn"]
[EventRounds "11"]
[EventCountry "HUN"]
[SourceTitle "CBM 189 Extra"]
[Source "ChessBase"]
[SourceDate "2019.06.03"]
[SourceVersion "1"]
[SourceVersionDate "2019.06.03"]
[SourceQuality "1"]
[WhiteTeam "Kazincbarcika"]
[BlackTeam "Debrecen Sakkiskola"]
[WhiteTeamCountry "HUN"]
[BlackTeamCountry "HUN"]

1. d4 d5 2. Nf3 c6 3. Bf4 Bg4 4. Nbd2 Nf6 5. h3 Bh5 6. c3 e6 7. e3 Bd6 8. Bxd6 Qxd6 9. Qb3 b6 10. Bd3 Nbd7 11. 0-0 0-0 12. Qc2 Bg6 13. e4 Nxe4 14. Nxe4 dxe4 15. Bxe4 c5 16. Bxg6 hxg6 17. dxc5 Qxc5 18. Rfe1 Rad8 19. Rad1 Nf6 20. Re5 Qc4 21. Ra1 Rd6 22. Qe2 Qa4 23. b3 Qc6 24. c4 Rfd8 25. Re1 Nh5 26. Qe4 Qc7 27. Qc2 Nf4 28. R5e3 Nd3 29. Rf1 Nb4 30. Qb2 a5 31. a3 Nc6 32. Rfe1 Nd4 33. Nxd4 Rxd4 34. g3 Rd2 35. Qc3 Qc5 36. b4 Qf5 37. Rf3 axb4 38. axb4 Qxh3 39. c5 bxc5 40. bxc5 Qh5 41. c6 Qd5 42. c7 Rc8 43. Rf4 Rd3 44. Qc2 Rd2 45. Qc3 Rd1 46. Rxd1 Qxd1+ 47. Kg2 Qd6 48. Rc4 Kf8 49. Rc6 Qd7 50. Rc5 Ke8 51. Qa5 Qd6 52. Qb5+ Ke7 53. Qa5 Kd7 54. Qb5+ Ke7 55. Qc4 g5 56. Qc2 g4 57. Qc4 Qd1 58. Rh5 Qd6 59. Qxg4 Qc6+ 60. Kg1 Qc3 61. Qg5+ Kd7 62. Qb5+ Qc6 63. Qg5 Rxc7 64. Qxg7 Qf3 65. Qd4+ Ke7 66. Qb4+ Kd7 67. Qd4+ Kc6 1/2-1/2

[Event "HUN-chT2 Barcza 1718"]
[Site "Hungary"]
[Date "2018.02.18"]
[Round "8.5"]
[White "Zabiak, Jozsef"]
[Black "Hegedus, Gyorgy"]
[Result "1/2-1/2"]
[WhiteElo "2164"]
[BlackElo "2057"]
[PlyCount "101"]
[EventDate "2017.09.24"]
[EventType "team-tourn"]
[EventRounds "11"]
[EventCountry "HUN"]
[SourceTitle "EXT 2021"]
[Source "ChessBase"]
[SourceDate "2020.10.23"]
[SourceVersion "1"]
[SourceVersionDate "2020.10.23"]
[SourceQuality "1"]
[WhiteTeam "Szirmabesenyo"]
[BlackTeam "Debrecen Sakkiskola II"]
[WhiteTeamCountry "HUN"]
[BlackTeamCountry "HUN"]

1. d4 d5 2. e3 Nf6 3. Bd3 Bg4 4. Ne2 e6 5. 0-0 c6 6. f4 Bh5 7. Nd2 Bg6 8. Nf3 c5 9. c3 Nc6 10. Ne5 Bxd3 11. Qxd3 Bd6 12. Ng3 0-0 13. Bd2 Qb6 14. b4 cxd4 15. exd4 Nxe5 16. fxe5 Bxe5 17. Bg5 Bxg3 18. Rxf6 Bd6 19. Rf2 Qc7 20. g4 Rac8 21. Bd2 Qe7 22. Re1 a6 23. Re3 Qh4 24. Rg2 Qh6 25. h4 Bf4 26. Rh3 Bxd2 27. Rxd2 Qf4 28. Rg2 Rc4 29. Qe3 Qxe3+ 30. Rxe3 Rfc8 31. Rgg3 a5 32. a3 g6 33. g5 Kg7 34. Rgf3 b6 35. Kf2 R8c7 36. Ke2 h6 37. Kd2 hxg5 38. hxg5 Rc8 39. Rh3 Rh8 40. Rxh8 Kxh8 41. bxa5 bxa5 42. Re1 Kg7 43. Rb1 Rc7 44. Rb5 Ra7 45. Rb6 Kf8 46. a4 Ke7 47. Rb8 Rc7 48. Ra8 f6 49. gxf6+ Kxf6 50. Rxa5 g5 51. Ra8 1/2-1/2

[Event "HUN-chT2 Barcza 1718"]
[Site "Hungary"]
[Date "2017.09.24"]
[Round "1.8"]
[White "Varga, Marcell1111"]
[Black "Hegedus, Gyorgy"]
[Result "0-1"]
[WhiteElo "2003"]
[BlackElo "2057"]
[PlyCount "114"]
[EventDate "2017.09.24"]
[EventType "team-tourn"]
[EventRounds "11"]
[EventCountry "HUN"]
[SourceTitle "EXT 2021"]
[Source "ChessBase"]
[SourceDate "2020.10.23"]
[SourceVersion "1"]
[SourceVersionDate "2020.10.23"]
[SourceQuality "1"]
[WhiteTeam "Nyiregyhaza SISE"]
[BlackTeam "Debrecen Sakkiskola II"]
[WhiteTeamCountry "HUN"]
[BlackTeamCountry "HUN"]

1. e4 e5 2. Nf3 Nc6 3. Bc4 Be7 4. c3 Nf6 5. d3 0-0 6. Bb3 d6 7. Nbd2 h6 8. 0-0 Nh7 9. Re1 Ng5 10. h3 Bf6 11. Nf1 Nxf3+ 12. Qxf3 Bg5 13. Ne3 Ne7 14. Kh2 c6 15. Nc4 Bxc1 16. Raxc1 Ng6 17. g3 Be6 18. Rcd1 Qd7 19. Qg2 b5 20. Ne3 Bxb3 21. axb3 a5 22. f3 Qe6 23. Qc2 Ne7 24. d4 a4 25. d5 cxd5 26. Nxd5 Nxd5 27. Rxd5 a3 28. Rxb5 axb2 29. Qxb2 f5 30. Rd5 fxe4 31. fxe4 Rf3 32. Rd2 Rc8 33. Rc1 Qg6 34. Rg2 Qxe4 35. Rf2 Qe3 36. Rxf3 Qxf3 37. c4 Rf8 38. b4 Qe3 39. Rc2 Rf1 40. h4 h5 41. Qc3 Qg1+ 42. Kh3 Qh1+ 43. Rh2 Qe4 44. Qc2 Qg4+ 45. Kg2 Re1 46. Kf2 Rd1 47. c5 e4 48. Qe2 Qf5+ 49. Kg2 Rd3 50. cxd6 e3 51. Kg1 Qd5 52. Rg2 Rd2 53. d7 Rxe2 54. Rxe2 Qd1+ 55. Kg2 Qxe2+ 56. Kh3 Qg4+ 57. Kg2 Qxd7 0-1

[Event "HUN-chT2 Barcza 1415"]
[Site "Hungary"]
[Date "2014.12.14"]
[Round "?"]
[White "Hegedus, Gyorgy"]
[Black "Barnoth, Robert"]
[Result "1-0"]
[WhiteElo "2112"]
[BlackElo "1863"]
[PlyCount "88"]
[EventDate "2014.09.07"]
[EventType "team-tourn"]
[EventRounds "11"]
[EventCountry "HUN"]
[SourceTitle "EXT 2016"]
[Source "ChessBase"]
[SourceDate "2015.10.08"]
[SourceVersion "1"]
[SourceVersionDate "2015.10.08"]
[SourceQuality "1"]
[WhiteTeam "Debrecen Sakkiskola"]
[BlackTeam "Piremon"]
[WhiteTeamCountry "HUN"]
[BlackTeamCountry "HUN"]

1. d4 Nf6 2. Bg5 e6 3. Nf3 Be7 4. e3 d5 5. Bd3 c5 6. c3 Nc6 7. Nbd2 Qb6 8. Qb1 cxd4 9. exd4 h6 10. Bh4 0-0 11. 0-0 Nh5 12. Bxe7 Nxe7 13. Re1 Bd7 14. a4 Nf6 15. Ne5 Rad8 16. Ndf3 Nc6 17. g3 Qc7 18. Qd1 Bc8 19. Qe2 Nd7 20. Nxc6 Qxc6 21. Ne5 Nxe5 22. Qxe5 Qd6 23. Qe2 a6 24. f4 Rfe8 25. Qe3 Bd7 26. a5 Rc8 27. Qe2 Kh8 28. Kf2 Kg8 29. Ke3 Bc6 30. Kd2 Rb8 31. Qe5 Qxe5 32. fxe5 f5 33. Ra3 Rf8 34. Ke3 g5 35. Rf1 Kg7 36. Rb3 Rbc8 37. Rb6 Rc7 38. Kf3 Bd7 39. h4 Bc6 40. Rh1 g4+ 41. Kf4 Rcc8 42. Rb4 Rfd8 43. c4 Kf7 44. Ke3 Rc7 1-0

[Event "HUN-chT2 Barcza 1314"]
[Site "Hungary"]
[Date "2014.04.27"]
[Round "11"]
[White "Bakk, Zoltan"]
[Black "Hegedus, Gyorgy"]
[Result "1/2-1/2"]
[WhiteElo "2073"]
[BlackElo "2101"]
[PlyCount "58"]
[EventDate "2013.09.08"]
[EventType "team-tourn"]
[EventRounds "11"]
[EventCountry "HUN"]
[SourceTitle "EXT 2016"]
[Source "ChessBase"]
[SourceDate "2015.10.08"]
[SourceVersion "1"]
[SourceVersionDate "2015.10.08"]
[SourceQuality "1"]
[WhiteTeam "Debrecen EAC"]
[BlackTeam "Debrecen Sakkiskola"]
[WhiteTeamCountry "HUN"]
[BlackTeamCountry "HUN"]

1. d4 d5 2. Nf3 c6 3. c4 dxc4 4. e3 Bg4 5. Bxc4 Nf6 6. Bxf7+ Kxf7 7. Ne5+ Kg8 8. Nxg4 h5 9. Qb3+ Qd5 10. Ne5 Qxb3 11. axb3 Nbd7 12. Ng6 Rh6 13. Nxf8 Nxf8 14. f3 Ne6 15. 0-0 Rh8 16. Rd1 Kf7 17. e4 Rhd8 18. Be3 Rd7 19. Nc3 a6 20. Na4 Re8 21. Nb6 Rdd8 22. Nc4 Nc7 23. Na5 Rd7 24. Nxb7 Ncd5 25. exd5 Rxb7 26. dxc6 Rxb3 27. Bc1 Rb6 28. d5 Rd8 29. Ra5 Rxc6 1/2-1/2

[Event "HUN-chT2 Barcza 1112 "]
[Site "Hungary"]
[Date "2012.05.20"]
[Round "11"]
[White "Kun, Imre"]
[Black "Hegedus, Gyorgy"]
[Result "0-1"]
[WhiteElo "2009"]
[BlackElo "2099"]
[PlyCount "115"]
[EventDate "2011.09.25"]
[EventType "team-tourn"]
[EventRounds "11"]
[EventCountry "HUN"]
[SourceTitle "EXT 2013"]
[Source "ChessBase"]
[SourceDate "2012.11.22"]
[SourceVersion "1"]
[SourceVersionDate "2012.11.22"]
[SourceQuality "1"]
[WhiteTeam "Nadudvar"]
[BlackTeam "Debrecen Betu"]
[WhiteTeamCountry "HUN"]
[BlackTeamCountry "HUN"]

1. e4 e5 2. Nf3 Nc6 3. Bb5 Be7 4. 0-0 d6 5. c3 Bg4 6. d4 Nf6 7. dxe5 Bxf3 8. Qxf3 dxe5 9. Bg5 h6 10. Bh4 0-0 11. Bxc6 bxc6 12. Rd1 Qb8 13. b3 Qb5 14. Nd2 Rfe8 15. Nc4 a5 16. Ne3 a4 17. Nf5 axb3 18. axb3 Rxa1 19. Nxe7+ Rxe7 20. Rxa1 Re6 21. Qf5 Ne8 22. b4 Qc4 23. Qf3 c5 24. bxc5 Qxc5 25. h3 Qc4 26. Rd1 Nd6 27. Rd3 Qxe4 28. Qxe4 Nxe4 29. Rd8+ Kh7 30. Rd7 g5 31. Bg3 Nxg3 32. fxg3 Kg6 33. Rxc7 h5 34. Kf2 Ra6 35. Kf3 f6 36. Rc5 Ra1 37. g4 Rf1+ 38. Ke2 Rf4 39. g3 Ra4 40. gxh5+ Kxh5 41. Rc8 Ra2+ 42. Ke3 Rh2 43. Kf3 Kg6 44. Rg8+ Kf7 45. Rh8 Kg7 46. Rc8 Rxh3 47. Kg4 Rh1 48. Kf5 Rf1+ 49. Ke6 Rf3 50. g4 e4 51. Rc7+ Kg6 52. Kd5 e3 53. Re7 Rg3 54. Re4 e2 55. c4 Rd3+ 56. Kc6 Rd4 57. Re7 Rxc4+ 58. Kd5 0-1

[Event "HUN-chT2 Barcza 1011"]
[Site "Hungary"]
[Date "2011.04.17"]
[Round "9.4"]
[White "Visloczki, Jozsef"]
[Black "Hegedus, Gyorgy"]
[Result "1-0"]
[WhiteElo "2049"]
[BlackElo "2137"]
[PlyCount "107"]
[EventDate "2010.09.12"]
[EventType "team-tourn"]
[EventRounds "11"]
[EventCountry "HUN"]
[SourceTitle "EXT 2012"]
[Source "ChessBase"]
[SourceDate "2011.11.24"]
[SourceVersion "1"]
[SourceVersionDate "2011.11.24"]
[SourceQuality "1"]
[WhiteTeam "Balkany"]
[BlackTeam "Debrecen Betu"]
[WhiteTeamCountry "HUN"]
[BlackTeamCountry "HUN"]

1. e4 e5 2. Nf3 Nc6 3. d4 exd4 4. Nxd4 d6 5. Bb5 Bd7 6. Nxc6 bxc6 7. Bd3 Nf6 8. h3 Be7 9. 0-0 0-0 10. Re1 Bc8 11. Nc3 Nd7 12. f4 Rb8 13. Ne2 Bf6 14. c3 Re8 15. Nd4 Bb7 16. Nf5 g6 17. Nh6+ Kg7 18. Ng4 Bh4 19. Rf1 Nc5 20. f5 h5 21. fxg6 fxg6 22. Bh6+ Kg8 23. e5 Nxd3 24. Qxd3 Re6 25. Rf8+ Qxf8 26. Bxf8 hxg4 27. Qc4 Bf2+ 28. Kxf2 Rxf8+ 29. Kg3 d5 30. Qxg4 Bc8 31. Qd4 a6 32. Re1 Kg7 33. Re2 Rf5 34. Kh2 g5 35. g4 Rf4 36. Qa7 Re7 37. Qa8 Bd7 38. Qd8 Rff7 39. Kg3 c5 40. Rf2 Be6 41. Rxf7+ Kxf7 42. Qh8 d4 43. a3 Bc4 44. Qf6+ Ke8 45. Qc6+ Rd7 46. e6 Bxe6 47. Qxe6+ Kd8 48. Qg8+ Ke7 49. Qxg5+ Ke6 50. Qxc5 d3 51. Qf5+ Ke7 52. Qxd7+ Kxd7 53. Kf2 c5 54. c4 1-0

[Event "HUN-chT2 Barcza 0910"]
[Site "Hungary"]
[Date "2010.04.11"]
[Round "9.5"]
[White "Potari, Adrian"]
[Black "Hegedus, Gyorgy"]
[Result "1-0"]
[WhiteElo "2030"]
[BlackElo "2141"]
[PlyCount "39"]
[EventDate "2009.11.08"]
[EventType "team-tourn"]
[EventRounds "11"]
[EventCountry "HUN"]
[SourceTitle "EXT 2011"]
[Source "ChessBase"]
[SourceDate "2010.11.26"]
[SourceVersion "1"]
[SourceVersionDate "2010.11.26"]
[SourceQuality "1"]
[WhiteTeam "DEAC"]
[BlackTeam "Debrecen Betu"]
[WhiteTeamCountry "HUN"]
[BlackTeamCountry "HUN"]

1. c4 e5 2. Nc3 Nc6 3. g3 g6 4. Bg2 Bg7 5. e4 d6 6. h3 Be6 7. d3 Qd7 8. Nge2 Nge7 9. Be3 a6 10. Qd2 0-0 11. b3 Rab8 12. d4 Nxd4 13. Nxd4 exd4 14. Bxd4 f6 15. Nd5 Nc6 16. Bc3 Ne5 17. f4 Nc6 18. g4 b5 19. cxb5 Bxd5 20. Qxd5+ 1-0

[Event "HUN-chT2 Barcza 0809"]
[Site "Hungary"]
[Date "2008.12.21"]
[Round "4.2"]
[White "Sallai, Janos"]
[Black "Hegedus, Gyorgy"]
[Result "0-1"]
[WhiteElo "2078"]
[BlackElo "2125"]
[PlyCount "86"]
[EventDate "2008.10.26"]
[EventType "team-tourn"]
[EventRounds "11"]
[EventCountry "HUN"]
[SourceTitle "EXT 2010"]
[Source "ChessBase"]
[SourceDate "2010.11.25"]
[SourceVersion "1"]
[SourceVersionDate "2010.11.25"]
[SourceQuality "1"]
[WhiteTeam "Mezokovesd"]
[BlackTeam "Debrecen Betu"]
[WhiteTeamCountry "HUN"]
[BlackTeamCountry "HUN"]

1. e4 e5 2. Nf3 Nc6 3. Bc4 Be7 4. d4 exd4 5. Nxd4 d6 6. Nc3 Nf6 7. 0-0 0-0 8. f4 Nxd4 9. Qxd4 b6 10. Nd5 Nxd5 11. Bxd5 Rb8 12. Bd2 Bb7 13. Bxb7 Rxb7 14. Bc3 Bf6 15. Qe3 Qe7 16. Rae1 Rbb8 17. Rf3 Bxc3 18. Qxc3 f6 19. Rh3 Rbe8 20. Qd3 h6 21. Qd5+ Rf7 22. Rhe3 Kh8 23. Qf5 Kg8 24. Qg6 Qe6 25. Rh3 Qxa2 26. Rxh6 Qxb2 27. Rh8+ Kxh8 28. Qxf7 Qd4+ 29. Kf1 Rxe4 30. Rxe4 Qxe4 31. Qxc7 Qxf4+ 32. Kg1 Qd4+ 33. Kf1 a5 34. Qc8+ Kh7 35. Qf5+ Kh6 36. Qh3+ Kg6 37. g4 Qd1+ 38. Kf2 Qxc2+ 39. Ke1 Qe4+ 40. Kd1 Kg5 41. Qh5+ Kf4 42. Kd2 Qd4+ 43. Kc2 Qc5+ 0-1

[Event "HUN-chT2 Barcza 0809"]
[Site "Hungary"]
[Date "2008.11.30"]
[Round "3.2"]
[White "Hegedus, Gyorgy"]
[Black "Kiss, Sandor1111"]
[Result "1-0"]
[WhiteElo "2125"]
[BlackElo "2125"]
[PlyCount "83"]
[EventDate "2008.10.26"]
[EventType "team-tourn"]
[EventRounds "11"]
[EventCountry "HUN"]
[SourceTitle "EXT 2010"]
[Source "ChessBase"]
[SourceDate "2010.11.25"]
[SourceVersion "1"]
[SourceVersionDate "2010.11.25"]
[SourceQuality "1"]
[WhiteTeam "Debrecen Betu"]
[BlackTeam "Tiszavasvar"]
[WhiteTeamCountry "HUN"]
[BlackTeamCountry "HUN"]

1. d4 Nf6 2. Bg5 h6 3. Bh4 g5 4. Bg3 d6 5. e3 Bg7 6. Bd3 Nc6 7. c3 e5 8. Nd2 Qe7 9. Ne2 e4 10. Bc2 d5 11. a3 Be6 12. Qb1 0-0 13. c4 a6 14. cxd5 Nxd5 15. h4 f5 16. hxg5 hxg5 17. Nxe4 fxe4 18. Bxe4 Rf7 19. Bh7+ Kf8 20. Bg6 Bg4 21. Bxf7 Kxf7 22. Qd3 Bxe2 23. Qxe2 Kf8 24. Kf1 Re8 25. Qf3+ Nf6 26. Rc1 Qe4 27. Qxe4 Nxe4 28. Bxc7 Kf7 29. Rc2 Ne7 30. Ba5 Nd5 31. Kg1 b6 32. Be1 g4 33. g3 Ng5 34. Kg2 Nf3 35. Bb4 a5 36. Bd6 Kg6 37. Bf4 Rh8 38. Rxh8 Bxh8 39. Rc6+ Bf6 40. Rd6 Nxf4+ 41. gxf4 Nh4+ 42. Kf1 1-0

[Event "HUN-chT2 Barcza 0708"]
[Site "Hungary"]
[Date "2008.03.16"]
[Round "8"]
[White "Vajda, Andras"]
[Black "Hegedus, Gyorgy"]
[Result "1/2-1/2"]
[WhiteElo "2021"]
[BlackElo "2139"]
[PlyCount "38"]
[EventDate "2007.10.14"]
[EventType "team"]
[EventRounds "11"]
[EventCountry "HUN"]
[SourceTitle "EXT 2009"]
[Source "ChessBase"]
[SourceDate "2008.11.26"]
[SourceVersion "1"]
[SourceVersionDate "2008.11.26"]
[SourceQuality "1"]
[WhiteTeam "Tiszaujvaros"]
[BlackTeam "Debrecen Betu"]
[WhiteTeamCountry "HUN"]
[BlackTeamCountry "HUN"]

1. e4 e5 2. Nf3 Nc6 3. d4 exd4 4. Nxd4 d6 5. c3 Nf6 6. Bd3 Be7 7. 0-0 0-0 8. Nf5 Bxf5 9. exf5 Ne5 10. Bc2 d5 11. Nd2 c6 12. Nf3 Nxf3+ 13. Qxf3 h6 14. Bf4 Bd6 15. Bxd6 Qxd6 16. g4 Rae8 17. h4 Re7 18. Rad1 Rfe8 19. g5 Ne4 1/2-1/2

[Event "HUN-chT2 Barcza 0708"]
[Site "Hungary"]
[Date "2007.12.16"]
[Round "5"]
[White "Kelemen, Imre"]
[Black "Hegedus, Gyorgy"]
[Result "1-0"]
[WhiteElo "2090"]
[BlackElo "2139"]
[PlyCount "81"]
[EventDate "2007.10.14"]
[EventType "team"]
[EventRounds "11"]
[EventCountry "HUN"]
[SourceTitle "EXT 2009"]
[Source "ChessBase"]
[SourceDate "2008.11.26"]
[SourceVersion "1"]
[SourceVersionDate "2008.11.26"]
[SourceQuality "1"]
[WhiteTeam "Lokomotiv"]
[BlackTeam "Debrecen Betu"]
[WhiteTeamCountry "HUN"]
[BlackTeamCountry "HUN"]

1. Nf3 d5 2. g3 c5 3. c4 e6 4. Bg2 Nc6 5. 0-0 d4 6. d3 Nf6 7. a3 a5 8. e3 dxe3 9. fxe3 Be7 10. Nc3 0-0 11. Qc2 Ng4 12. Nb5 e5 13. h3 Nf6 14. Bd2 Nh5 15. Be1 f5 16. Rd1 Bf6 17. Nc3 g6 18. Nd5 Bg7 19. e4 fxe4 20. dxe4 Nd4 21. Qd3 Rb8 22. b4 axb4 23. axb4 b6 24. Nxd4 Rxf1+ 25. Qxf1 cxd4 26. g4 Nf4 27. Nxf4 exf4 28. Qxf4 Bb7 29. Bg3 Rc8 30. e5 Bxg2 31. Rxd4 Qe7 32. Kxg2 Qxb4 33. Qd2 Qe7 34. Rd7 Qe8 35. Qd5+ Kh8 36. Qb7 Rxc4 37. Rxg7 Rc2+ 38. Bf2 Rxf2+ 39. Kxf2 Qf8+ 40. Rf7 Qc5+ 41. Kg2 1-0

[Event "HUN-chT2 Maroczy 0607"]
[Site "Hungary"]
[Date "2007.05.20"]
[Round "11"]
[White "Hegedus, Gyorgy"]
[Black "Biro, Peter"]
[Result "1/2-1/2"]
[WhiteElo "2151"]
[BlackElo "2161"]
[PlyCount "48"]
[EventDate "2006.11.12"]
[EventType "team"]
[EventRounds "11"]
[EventCountry "HUN"]
[SourceTitle "EXT 2008"]
[Source "ChessBase"]
[SourceDate "2007.11.25"]
[SourceVersion "1"]
[SourceVersionDate "2007.11.25"]
[SourceQuality "1"]
[WhiteTeam "DEAC"]
[BlackTeam "Husi"]
[WhiteTeamCountry "HUN"]
[BlackTeamCountry "HUN"]

1. d4 d5 2. Bg5 Nd7 3. Nf3 Ngf6 4. e3 e6 5. Bd3 Be7 6. Nbd2 0-0 7. c3 b6 8. 0-0 Bb7 9. Rc1 Ne4 10. Bf4 Ndf6 11. Ne5 Nxd2 12. Qxd2 Ne4 13. Qc2 f6 14. Nf3 Rc8 15. Nd2 f5 16. Nf3 c5 17. Qe2 c4 18. Bb1 g5 19. Be5 g4 20. Nd2 Nxd2 21. Qxd2 Bd6 22. Bxd6 Qxd6 23. f3 gxf3 24. gxf3 Kh8 1/2-1/2

[Event "HUN-chT2 Maroczy 0607"]
[Site "Hungary"]
[Date "2007.02.18"]
[Round "5"]
[White "Cselenyi, Balazs"]
[Black "Hegedus, Gyorgy"]
[Result "1-0"]
[WhiteElo "2107"]
[BlackElo "2151"]
[PlyCount "77"]
[EventDate "2006.11.12"]
[EventType "team"]
[EventRounds "11"]
[EventCountry "HUN"]
[SourceTitle "EXT 2008"]
[Source "ChessBase"]
[SourceDate "2007.11.25"]
[SourceVersion "1"]
[SourceVersionDate "2007.11.25"]
[SourceQuality "1"]
[WhiteTeam "Miskolc EMSE"]
[BlackTeam "DEAC"]
[WhiteTeamCountry "HUN"]
[BlackTeamCountry "HUN"]

1. d4 d5 2. c4 c6 3. Nf3 Nf6 4. Nc3 e6 5. e3 Bd6 6. Qc2 Nbd7 7. Bd3 a6 8. 0-0 0-0 9. e4 dxe4 10. Nxe4 Nxe4 11. Bxe4 Nf6 12. Bg5 h6 13. Bh4 g5 14. Bg3 Nxe4 15. Qxe4 f5 16. Qd3 Bxg3 17. hxg3 Bd7 18. Rfe1 Qf6 19. Ne5 Rad8 20. c5 Bc8 21. Rad1 Rd5 22. f4 Rfd8 23. Qc3 Kg7 24. Rd3 g4 25. Red1 h5 26. Nc4 Rh8 27. Nb6 Rdd8 28. Qe1 h4 29. gxh4 Qxh4 30. Qxh4 Rxh4 31. Kf2 Kf6 32. Kg3 Rh7 33. Re1 Rdh8 34. Rde3 Bd7 35. Nc4 Rb8 36. Kf2 Rh2 37. Nb6 Rh7 38. Ke2 Rh6 39. Nxd7+ 1-0

[Event "HUN-chT2 Maroczy 0607"]
[Site "Hungary"]
[Date "2006.11.26"]
[Round "2"]
[White "Hegedus, Gyorgy"]
[Black "Kulcsar, Tamas"]
[Result "1-0"]
[WhiteElo "2151"]
[BlackElo "2143"]
[PlyCount "57"]
[EventDate "2006.11.12"]
[EventType "team"]
[EventRounds "11"]
[EventCountry "HUN"]
[SourceTitle "EXT 2008"]
[Source "ChessBase"]
[SourceDate "2007.11.25"]
[SourceVersion "1"]
[SourceVersionDate "2007.11.25"]
[SourceQuality "1"]
[WhiteTeam "DEAC"]
[BlackTeam "Vizugy"]
[WhiteTeamCountry "HUN"]
[BlackTeamCountry "HUN"]

1. d4 Nf6 2. Bg5 g6 3. Bxf6 exf6 4. Nf3 f5 5. e3 Bg7 6. g3 b6 7. Bg2 Bb7 8. 0-0 d6 9. Nbd2 Nd7 10. c3 0-0 11. Re1 Nf6 12. b4 c5 13. b5 Ne4 14. Qb3 d5 15. a4 a5 16. dxc5 Nxc5 17. Qc2 Rc8 18. Nd4 Qc7 19. Rac1 Rfe8 20. Red1 Ne4 21. Nxe4 fxe4 22. Bh3 f5 23. Bf1 Qe5 24. Qb3 Rc5 25. Nc6 Qe6 26. Rxd5 Rxd5 27. Bc4 Bxc6 28. bxc6 Red8 29. c7 1-0

[Event "HUN-chT2 Maroczy 0607"]
[Site "Hungary"]
[Date "2006.11.12"]
[Round "1"]
[White "Csirik, Andras"]
[Black "Hegedus, Gyorgy"]
[Result "0-1"]
[WhiteElo "2051"]
[BlackElo "2151"]
[PlyCount "124"]
[EventDate "2006.11.12"]
[EventType "team"]
[EventRounds "11"]
[EventCountry "HUN"]
[SourceTitle "EXT 2008"]
[Source "ChessBase"]
[SourceDate "2007.11.25"]
[SourceVersion "1"]
[SourceVersionDate "2007.11.25"]
[SourceQuality "1"]
[WhiteTeam "Maroczy"]
[BlackTeam "DEAC"]
[WhiteTeamCountry "HUN"]
[BlackTeamCountry "HUN"]

1. e4 e5 2. Nf3 Nc6 3. Bb5 a6 4. Ba4 b5 5. Bb3 Nf6 6. 0-0 Be7 7. Re1 d6 8. c3 0-0 9. h3 h6 10. d4 Rb8 11. Nbd2 Re8 12. Nf1 Bf8 13. Ng3 Qe7 14. Bc2 Nh7 15. d5 Nd8 16. b3 g6 17. a4 b4 18. cxb4 Rxb4 19. Bd2 Rb8 20. Bd3 c5 21. Rb1 Qa7 22. Qc1 h5 23. Ba5 Bd7 24. Qc4 Nb7 25. Bd2 a5 26. Qc1 Ra8 27. Bh6 Qb6 28. Bxf8 Rxf8 29. Qh6 Qd8 30. h4 Qf6 31. Qd2 Bg4 32. Ng5 Bd7 33. Rf1 Nxg5 34. hxg5 Qe7 35. f4 exf4 36. Qxf4 Rae8 37. Be2 Qe5 38. Qh4 Qd4+ 39. Rf2 Re5 40. Rd1 Qe3 41. Rd3 Qxg5 42. Qh2 h4 43. Nf1 Rxe4 44. Nd2 Re7 45. Nf3 Qg3 46. Qxh4 Qxh4 47. Nxh4 Kg7 48. Nf3 Bf5 49. Rd2 Re3 50. Bc4 f6 51. Rfe2 Rfe8 52. Kf2 Rxe2+ 53. Rxe2 Rxe2+ 54. Kxe2 Nd8 55. Nd2 Nf7 56. Bd3 Bg4+ 57. Ke3 Ne5 58. Ne4 Bf5 59. Be2 Bxe4 60. Kxe4 f5+ 61. Kf4 Kf6 62. Ke3 Nd7 0-1